000 01804nam a2200265 a 4500
005 20180803165349.0
008 140128b2007 ck ||||| |||| 00| 0 spa d
041 _aspa
044 _ack
090 _aIAVH
_b00881
100 _aFernandez Muñoz, María Adelaida
_95210
245 _aIncentivos para la reconversión de la ganadería con criterios de biodiversidad en la cuenca alta del río Campoalegre
260 _aBogotá
_bInstituto Alexander von Humboldt
_bCARDER
_bUAESPNN
_c2007
300 _a150 p.
520 _aLos resultados finales del diseño de incentivos para la reconversión ganadera sostenible en el PMN Campoalegre. Se divide en tres partes: la primera hace una introducción de los efectos de la ganadería sobre el medio ambiente, presenta un panorama en particular del cambio en los usos del suelo en el país, expone los principales impactos de la ganadería y su posible solución gracias a los sistemas silvopastoriles. Finalmente presenta un análisis macroeconó-mico donde se estudia la política sectorial agropecuaria para definir los impactos e identificar posibles incentivos perversos. La segunda parte hace una caracterización de la zona de estudio, así como en una descripción biofísica y social de la zona. Finalmente la tercera parte presenta los incentivos para la reconversión ganadera, las herramientas de manejo propuestas y luego los incentivos diseñados y las posibles fuentes para su financiación
650 _aIncentivos
_992522
650 _aReconversión ganadera
_93320
650 _aSistema silvopastoril
_95521
650 _aAnálisis macroeconómico
_95522
650 _aIncentivos perversos
_95523
650 _aCaracterización biofísica
_95405
700 _aRamírez, Diana Patricia
_9330
942 _cCD-ROM
_2z
945 _d2008-06-27
999 _c6356
_d6356